Planeamiento, construcción y saneamiento de campamentos temporales, en caso de desastres naturales
Presenta información sobre a construcción de un campamento, que podría ser o nó de emergencia, pero que incluye directrices para la planificación, selección, diseño y operación.
| Main Author: | |
|---|---|
| Other Authors: | |
| Format: | Tesis Section = Libro |
| Language: | Undetermined Spanish |
| Published: |
Guatemala
USAC-G
1978
|
| Subjects: |
| LEADER | 00852nam a2200205Ia 4500 | ||
|---|---|---|---|
| 008 | 240830s9999 xx 000 0 und d | ||
| 040 | |a BIBLIOTECA-RUSB/ Mon 725.59 G643 | ||
| 041 | |a spa | ||
| 082 | |a Mon 725.59 G643 | ||
| 100 | 1 | |a González Pérez, Julio Abraham | |
| 245 | 1 | 0 | |a Planeamiento, construcción y saneamiento de campamentos temporales, en caso de desastres naturales |
| 260 | |a Guatemala |b USAC-G |c 1978 | ||
| 300 | |a 41 p. :il. | ||
| 502 | |a Tesis (Arquitecto) - USAC-G, 1978. | ||
| 520 | 3 | |a Presenta información sobre a construcción de un campamento, que podría ser o nó de emergencia, pero que incluye directrices para la planificación, selección, diseño y operación. | |
| 650 | 7 | |a CAMPAMENTOS TEMPORALES - PLANEACION I | |
| 700 | 1 | |a Tutor: |b Guzmán Chinchilla, Guillermo | |
| 942 | |c BK |2 ddc | ||
| 991 | |a TESIS | ||
| 999 | |c 21280 | ||